Social Research Methods : Qualitative and Quantitative Approaches / (Record no. 613545)

000 -LEADER
fixed length control field 00467nam a22001577a 4500
020 ## - INTERNATIONAL STANDARD BOOK NUMBER
International Standard Book Number 978-9672864134
082 ## - DEWEY DECIMAL CLASSIFICATION NUMBER
Classification number 301.01
Author Mark NEU
100 ## - MAIN ENTRY--PERSONAL NAME
Personal name Lawrence, Neuman, W.
245 ## - TITLE STATEMENT
Title Social Research Methods : Qualitative and Quantitative Approaches /
Statement of responsibility, etc. Neuman, W. Lawrence.
250 ## - EDITION STATEMENT
Edition statement 8th Edition.
260 ## - PUBLICATION, DISTRIBUTION, ETC.
Place of publication, distribution, etc. India:
Name of publisher, distributor, etc. Pearson,
Date of publication, distribution, etc. 2021.
300 ## - PHYSICAL DESCRIPTION
Extent xiv, 544p. :
563 ## - BINDING INFORMATION
Binding note PB
650 ## - SUBJECT ADDED ENTRY--TOPICAL TERM
Topical term or geographic name entry element Sociology--Research--Methodology
942 ## - ADDED ENTRY ELEMENTS (KOHA)
Source of classification or shelving scheme
Koha item type Book
650 ## - SUBJECT ADDED ENTRY--TOPICAL TERM
-- 128640
Holdings
Withdrawn status Lost status Source of classification or shelving scheme Damaged status Not for loan Permanent Location Current Location Date acquired Source of acquisition Cost, normal purchase price Total Checkouts Full call number Barcode Checked out Date last seen Date last checked out Price effective from Koha item type
          Central Library (CL) Central Library (CL) 04/13/2025 Allied Book Company, Rawalpindi. 3964.40 2 301.01 NEU CL-1662 12/19/2025 08/21/2025 08/21/2025 04/14/2025 Book
© 2023 Central Library, National University of Sciences and Technology. All Rights Reserved.